Propuesta de indicadores macroeconómicos y financieros de alerta temprana para la detección de crisis bancarias /
Uloženo v:
| Hlavní autor: | |
|---|---|
| Další autoři: | , |
| Médium: | Text |
| Tagy: |
Přidat tag
Žádné tagy, Buďte první, kdo vytvoří štítek k tomuto záznamu!
|
MARC
| LEADER | 00000 a a2200000 04500 | ||
|---|---|---|---|
| 001 | 5430 | ||
| 003 | |||
| 040 | |||
| 100 | |a Durán V, Rodolfo | ||
| 245 | |a Propuesta de indicadores macroeconómicos y financieros de alerta temprana para la detección de crisis bancarias / |c Rodolfo Durán V | ||
| 700 | |a Montero G, Renato | ||
| 700 | |a Mayorga M, Mauricio |a coord | ||
| 773 | |g número 13; páginas 77-196 | ||
| 999 | |c 25228 |d 25228 | ||
